|
|
|
|
| LEADER |
00935cam a2200361 i 4500 |
| 001 |
000045074 |
| 003 |
4193 |
| 005 |
20030729151301.0 |
| 008 |
010220b1996 vm 000 eng |
| 020 |
|
|
|a 007025883X
|
| 040 |
|
|
|a IRC
|c IRC
|d IRC
|
| 041 |
0 |
|
|a eng
|
| 082 |
1 |
4 |
|a 004.22
|b HA-V
|
| 100 |
1 |
|
|a Hamacher, V. Carl.
|
| 245 |
0 |
0 |
|a Computer organization /
|c V. Carl Hamacher, Zvonko G. Vranesic, Safwat G. Zaky.
|
| 250 |
|
|
|a 4th ed.
|
| 260 |
|
|
|a NewYork :
|b McGraw-Hill,
|c 1996.
|
| 300 |
|
|
|a xix, 555 p. ;
|c 23.5cm.
|
| 630 |
0 |
4 |
|a Computer.
|
| 630 |
0 |
4 |
|a Computer organization.
|
| 650 |
0 |
4 |
|a Computer organization.
|
| 700 |
1 |
|
|a Vranesic, Zvonko G.
|
| 700 |
1 |
|
|a Zaky, Safwat G.
|
| OWN |
|
|
|a DUT
|
| 999 |
|
|
|a From the UDN01
|
| TYP |
|
|
|a Monograph
|
| TYP |
|
|
|a Printed language
|
| 980 |
|
|
|a Mạng thư viện Đại học Đà Nẵng
|